| Tag |
First Indicator |
Second Indicator |
Subfields |
| LEADER |
00000cam a22000001a 4500 |
| 001 |
in00004101439 |
| 005 |
20200117091553.0 |
| 006 |
m d f |
| 007 |
cr bn mmmapmmp |
| 008 |
100426s2009 dcu ob f000 0 eng d |
| 035 |
|
|
|a chdc201001159
|
| 040 |
|
|
|a UMI
|c UMI
|d UtOrBLW
|
| 042 |
|
|
|a pcc
|
| 043 |
|
|
|a n-us---
|
| 074 |
|
|
|a 1040-A
|
| 086 |
0 |
|
|a Y 4.EN 2:S.HRG.111-182
|
| 086 |
0 |
|
|a Y 4.EN 2: S.HRG.111-182
|
| 110 |
1 |
|
|a United States.
|b Congress.
|b Senate.
|b Committee on Energy and Natural Resources.
|0 http://id.loc.gov/authorities/names/n79043129
|
| 245 |
1 |
0 |
|a Allocation allowances of greenhouse gas emission :
|b hearing before the Committee on Energy and Natural Resources, United States Senate, One Hundred Eleventh Congress, first session ... October 21, 2009.
|
| 264 |
|
1 |
|a Washington :
|b U.S. G.P.O.,
|c 2009.
|
| 264 |
|
2 |
|a Washington :
|b For sale by the Supt. of Docs., U.S. G.P.O.
|
| 300 |
|
|
|a iii, 72 pages, digital, PDF file.
|
| 336 |
|
|
|a text
|b txt
|2 rdacontent
|
| 337 |
|
|
|a computer
|b c
|2 rdamedia
|
| 338 |
|
|
|a online resource
|b cr
|2 rdacarrier
|
| 490 |
1 |
|
|a S. hrg. ;
|v 111-182
|
| 500 |
|
|
|a Shipping list number: 2010-0092-P.
|
| 504 |
|
|
|a Includes bibliographical references.
|
| 500 |
|
|
|a Record is based on bibliographic data in ProQuest Congressional Hearings Digital Collection. Reuse except for individual research requires license from ProQuest, LLC.
|
| 500 |
|
|
|a Electronic resource.
|
| 533 |
|
|
|a Electronic reproduction.
|b [Bethesda, Md.] :
|c ProQuest,
|d 2010.
|e digital, PDF file.
|n ProQuest U.S. Congressional Hearings Digital Collection.
|n Mode of access: World Wide Web via ProQuest website.
|
| 538 |
|
|
|a System requirements: PDF reader software.
|
| 650 |
|
0 |
|a Emissions trading
|z United States.
|0 http://id.loc.gov/authorities/subjects/sh2009124870
|
| 650 |
|
0 |
|a Greenhouse gas mitigation
|z United States.
|0 http://id.loc.gov/authorities/subjects/sh2009125943
|
| 776 |
0 |
8 |
|i Print version:
|a United States. Congress. Senate. Committee on Energy and Natural Resources.
|t Allocation allowances of greenhouse gas emission
|w 9780160849060
|w 0160849063
|w (OCoLC)ocn528357076
|z 2009526542
|
| 776 |
0 |
8 |
|i Microfiche version:
|a United States. Congress. Senate. Committee on Energy and Natural Resources.
|t Allocation allowances of greenhouse gas emission
|d [Bethesda, Md.] : ProQuest,[2010]
|o CIS 2010 S311-8
|w (ProQuest)cis01002898
|
| 810 |
1 |
|
|a United States.
|b Congress.
|b Senate.
|t S. hrg. ;
|v 111-182.
|0 http://id.loc.gov/authorities/names/n83707917
|
| 856 |
4 |
0 |
|u http://proxy.library.tamu.edu/login?url=http://search.proquest.com/congcomp/getdoc?HEARING-ID=HRG-2009-NAR-0041
|y Electronic resource (PDF)
|t 0
|
| 998 |
|
|
|a cis01002898
|
| 999 |
f |
f |
|s 18b3cea2-da29-3d7d-8e2b-3c2bc4a9371f
|i 940ad742-cc73-33a1-b51b-c5e7f48f00e0
|t 0
|
| 952 |
f |
f |
|a Texas A&M University
|b College Station
|c Electronic Resources
|d Available Online
|t 0
|e Y 4.EN 2: S.HRG.111-182
|h Superintendent of Documents classification
|
| 998 |
f |
f |
|a Y 4.EN 2: S.HRG.111-182
|t 0
|l Available Online
|